000
00313nam a22001457a 4500
008
230412b ||||| |||| 00| 0 eng d
020
_a
9781889315270
041
_a
eng
080
_a
34
082
_a
34STA
100
_a
31
101
_a
JURE
245
_a
CRIME SCENE PHOTOGRAPHY
_c
STAGGS.S
942
_2
udc
_c
BK
999
_c
59513
_d
59513